The phantom of the opera / (Record no. 287943)
[ view plain ]
| 000 -LEADER | |
|---|---|
| fixed length control field | 00486nam a2200157Ia 4500 |
| 008 - FIXED-LENGTH DATA ELEMENTS--GENERAL INFORMATION | |
| fixed length control field | 150610s9999 xx 000 0 und d |
| 020 ## - INTERNATIONAL STANDARD BOOK NUMBER | |
| International Standard Book Number | 0 352317167 |
| 050 ## - LIBRARY OF CONGRESS CALL NUMBER | |
| Classification number | PQ2623 |
| Item number | .E6 .L562 1995 |
| 100 ## - MAIN ENTRY--PERSONAL NAME | |
| Personal name | Leroux, Gaston |
| 245 #4 - TITLE STATEMENT | |
| Title | The phantom of the opera / |
| Statement of responsibility, etc | by Gaston Leroux; with a foreword by Peter Haining. |
| 260 ## - PUBLICATION, DISTRIBUTION, ETC. (IMPRINT) | |
| Place of publication, distribution, etc | Great Britain : |
| Name of publisher, distributor, etc | Virgin Books, |
| Date of publication, distribution, etc | 1995. |
| 300 ## - PHYSICAL DESCRIPTION | |
| Extent | 265pages ; |
| Dimensions | 18 cm. |
| 520 ## - SUMMARY, ETC. | |
| Summary, etc | Fiction. |
| 650 ## - SUBJECT ADDED ENTRY--TOPICAL TERM | |
| Topical term or geographic name as entry element | Composers |
| General subdivision | Fiction. |
| 650 ## - SUBJECT ADDED ENTRY--TOPICAL TERM | |
| Topical term or geographic name as entry element | Opera |
| General subdivision | Fiction. |
| Withdrawn status | Lost status | Damaged status | Home library | Current library | Shelving location | Date acquired | Total Checkouts | Full call number | Barcode | Date last seen | Price effective from | Koha item type |
|---|---|---|---|---|---|---|---|---|---|---|---|---|
| Stonyhurst Southville International School (Batangas) | Stonyhurst Southville International School (Batangas) | 06/10/2015 | PQ2623.E6 .L562 1995 | US-0797 | 06/10/2015 | 06/10/2015 | Books |